00628cam a2200181 4500001001000000008004100010020001500051035001400066100001800080245008600098260003700184300002100221500005100242504002200293650005900315700003400374700003800408BP1013847 t19921992mx gr spa  a9684229186 aBP10138471 aAyres, Frank.10aMatrices /cFrank Ayres ; tr. Luis Gutiérrez Diez, Angel Gutiérrez Vázquez. aMéxico :bMcGraw-Hill, cc1992 a217 p. ;c24 cm. aTraducción de : Schaum's outline of matrices aIncluye índice 4aMatrices (Matemáticas) xProblemas, ejercicios, etc.1 aGutiérrez Díez, Luis, tr.1 aGutiérrez Vázquez, Angel, tr.